[Event "EUYCC 2025 - U10"]
[Site "?"]
[Date "2025.08.25"]
[Round "7.1"]
[White "Vinet, Matelo"]
[Black "Sirbu, Filip"]
[Result "0-1"]
[BlackElo "1697"]
[WhiteElo "1708"]
[LiveChessVersion "1.4.8"]

1. e4 {[%clk 1:30:29]} c6 {[%clk 1:30:29]} 2. d4 {[%clk 1:30:40]} d5
{[%clk 1:30:53]} 3. e5 {[%clk 1:31:06]} c5 {[%clk 1:31:19]} 4. dxc5
{[%clk 1:31:31]} Nc6 {[%clk 1:31:43]} 5. f4 {[%clk 1:30:54]} Nh6 {[%clk 1:32:05]}
6. Nf3 {[%clk 1:30:29]} Bg4 {[%clk 1:32:17]} 7. Be3 {[%clk 1:29:19]} e6 8. h3
{[%clk 1:21:09]} Bxf3 {[%clk 1:31:55]} 9. Qxf3 {[%clk 1:21:34]} Qa5+
{[%clk 1:25:46]} 10. Nd2 {[%clk 1:14:53]} Bxc5 {[%clk 1:22:41]} 11. a3
{[%clk 1:10:54]} Bxe3 {[%clk 1:15:12]} 12. Qxe3 {[%clk 1:11:18]} Nf5
{[%clk 1:11:27]} 13. Qf2 {[%clk 1:10:38]} Ncd4 {[%clk 1:06:58]} 14. Bd3
{[%clk 1:07:12]} Nc6 {[%clk 0:55:24]} 15. O-O-O {[%clk 1:06:37]} Nfe7
{[%clk 0:50:47]} 16. Kb1 {[%clk 1:06:14]} a6 {[%clk 0:48:27]} 17. Nb3
{[%clk 1:05:01]} Qc7 {[%clk 0:47:52]} 18. Rhe1 {[%clk 0:51:18]} b5
{[%clk 0:44:41]} 19. f5 {[%clk 0:51:16]} exf5 {[%clk 0:38:52]} 20. Bxf5
{[%clk 0:49:58]} O-O {[%clk 0:36:58]} 21. Nd4 {[%clk 0:44:16]} Qb6
{[%clk 0:30:51]} 22. Qh4 {[%clk 0:33:50]} g6 {[%clk 0:25:18]} 23. Nxc6
{[%clk 0:31:48]} Nxf5 {[%clk 0:20:59]} 24. Qf6 {[%clk 0:31:04]} Qc5
{[%clk 0:18:14]} 25. Rd3 {[%clk 0:23:24]} Rae8 {[%clk 0:15:19]} 26. Nb4
{[%clk 0:16:22]} Re6 {[%clk 0:13:35]} 27. Qg5 {[%clk 0:16:51]} d4
{[%clk 0:13:06]} 28. c3 {[%clk 0:11:54]} Rxe5 {[%clk 0:12:16]} 29. Rxe5
{[%clk 0:11:57]} Qxe5 {[%clk 0:12:45]} 30. cxd4 {[%clk 0:11:00]} Qe1+
{[%clk 0:13:01]} 31. Ka2 {[%clk 0:09:52]} a5 {[%clk 0:12:09]} 32. Nc2 Qe4
{[%clk 0:11:13]} 33. Qd2 {[%clk 0:08:24]} Qd5+ {[%clk 0:11:22]} 34. Kb1
{[%clk 0:08:40]} Ra8 {[%clk 0:08:51]} 35. Ne3 {[%clk 0:08:45]} Nxe3
{[%clk 0:08:48]} 36. Rxe3 {[%clk 0:09:10]} a4 {[%clk 0:08:35]} 37. Re5
{[%clk 0:08:31]} Qd7 {[%clk 0:08:22]} 38. Qb4 {[%clk 0:07:56]} Rb8
{[%clk 0:08:48]} 39. Qc5 {[%clk 0:07:55]} Rb7 {[%clk 0:07:36]} 40. Ka2
{[%clk 0:07:59]} Kg7 {[%clk 0:07:15]} 41. Rd5 {[%clk 0:07:38]} Qe6
{[%clk 0:05:17]} 42. Qd6 {[%clk 0:08:06]} Qxd6 {[%clk 0:05:17]} 43. Rxd6
{[%clk 0:08:32]} f5 {[%clk 0:05:40]} 44. b3 {[%clk 0:08:45]} Kf7 {[%clk 0:05:57]}
45. d5 {[%clk 0:08:54]} g5 {[%clk 0:05:41]} 46. Rh6 {[%clk 0:08:53]} Kg7
{[%clk 0:06:07]} 47. Rc6 {[%clk 0:09:10]} Kf7 {[%clk 0:05:58]} 48. d6
{[%clk 0:09:05]} Ke6 {[%clk 0:06:00]} 49. Ra6 {[%clk 0:07:36]} Rd7
{[%clk 0:04:11]} 50. bxa4 {[%clk 0:07:53]} bxa4 {[%clk 0:04:40]} 51. Rxa4
{[%clk 0:08:16]} Rxd6 {[%clk 0:05:05]} 52. Kb3 {[%clk 0:08:30]} Rd2
{[%clk 0:05:00]} 53. Ra6+ {[%clk 0:08:55]} Ke5 {[%clk 0:05:02]} 54. Ra5+
{[%clk 0:08:30]} Kf6 {[%clk 0:04:46]} 55. Ra6+ {[%clk 0:08:55]} Kg7
{[%clk 0:05:12]} 56. Ra7+ {[%clk 0:09:10]} Kg6 {[%clk 0:05:36]} 57. g4
{[%clk 0:08:42]} f4 {[%clk 0:04:54]} 58. Ra6+ {[%clk 0:09:09]} Kf7
{[%clk 0:05:13]} 59. Ra7+ {[%clk 0:09:38]} Ke6 {[%clk 0:05:10]} 60. Ra6+
{[%clk 0:09:48]} Rd6 {[%clk 0:05:20]} 61. Ra5 {[%clk 0:10:14]} Rd5
{[%clk 0:05:27]} 62. Ra8 {[%clk 0:09:24]} Rd7 {[%clk 0:04:41]} 63. Ra6+
{[%clk 0:09:30]} Ke5 {[%clk 0:05:00]} 64. Ra8 {[%clk 0:09:30]} Rd6
{[%clk 0:05:11]} 65. Rf8 {[%clk 0:09:45]} Rf6 {[%clk 0:05:26]} 66. Re8+
{[%clk 0:07:58]} Re6 {[%clk 0:05:53]} 67. Ra8 {[%clk 0:08:24]} Ke4
{[%clk 0:05:49]} 68. a4 {[%clk 0:08:42]} f3 {[%clk 0:05:45]} 69. a5
{[%clk 0:08:48]} f2 {[%clk 0:05:56]} 70. Rf8 {[%clk 0:09:05]} Ke3
{[%clk 0:06:09]} 71. a6 {[%clk 0:09:27]} Rxa6 {[%clk 0:06:15]} 72. Re8+
{[%clk 0:09:53]} Kf3 {[%clk 0:06:25]} 73. Rf8+ {[%clk 0:09:41]} Kg2
{[%clk 0:06:50]} 74. Kc4 {[%clk 0:05:00]} f1=Q+ {[%clk 0:06:54]} 75. Rxf1
{[%clk 0:03:59]} Kxf1 {[%clk 0:07:14]} 76. Kd4 {[%clk 0:04:20]} Rf6
{[%clk 0:07:37]} 77. Ke3 {[%clk 0:04:41]} Rf4 {[%clk 0:07:59]} 78. Kd2
{[%clk 0:05:02]} Rf3 {[%clk 0:08:18]} 79. Kc2 {[%clk 0:05:31]} Re3
{[%clk 0:08:37]} 80. Kd2 {[%clk 0:04:51]} Kf2 {[%clk 0:08:58]} 81. h4
{[%clk 0:05:18]} gxh4 82. g5 h3 {[%clk 0:09:33]} 83. g6 {[%clk 0:06:16]} h2
{[%clk 0:09:39]} 84. g7 h1=Q {[%clk 0:09:59]} 85. g8=Q {[%clk 0:07:01]} Qe1+
{[%clk 0:10:21]} 86. Kc2 {[%clk 0:07:27]} Rc3+ {[%clk 0:10:46]} 87. Kb2
{[%clk 0:07:49]} Qc1+ {[%clk 0:11:11]} 0-1

[Event "EUYCC 2025 - U10"]
[Site "?"]
[Date "2025.08.25"]
[Round "7.2"]
[White "Grigorescu, Stefan"]
[Black "Perouin, Simon"]
[Result "0-1"]
[BlackElo "1861"]
[WhiteElo "1465"]
[LiveChessVersion "1.4.8"]

1. d4 {[%clk 1:30:58]} d5 {[%clk 1:30:53]} 2. c4 {[%clk 1:30:31]} e5
{[%clk 1:30:30]} 3. e3 {[%clk 1:21:23]} dxc4 {[%clk 1:17:50]} 4. Bxc4
{[%clk 1:21:41]} exd4 {[%clk 1:18:07]} 5. Qxd4 {[%clk 1:20:53]} Qxd4
{[%clk 1:17:09]} 6. exd4 {[%clk 1:21:18]} Nc6 {[%clk 1:14:35]} 7. Nf3
{[%clk 1:21:29]} f6 {[%clk 1:07:15]} 8. O-O {[%clk 1:21:26]} Bd7 {[%clk 1:03:04]}
9. Re1+ {[%clk 1:20:55]} Be7 {[%clk 0:59:55]} 10. Bf4 {[%clk 1:20:22]} Kf8
{[%clk 0:57:59]} 11. Bb5 {[%clk 1:10:48]} Rc8 {[%clk 0:55:16]} 12. Nc3
{[%clk 1:08:02]} g5 {[%clk 0:52:54]} 13. Bg3 {[%clk 1:03:02]} a6 {[%clk 0:49:48]}
14. Ba4 {[%clk 1:02:11]} b5 {[%clk 0:44:56]} 15. Bb3 {[%clk 1:01:42]} g4
{[%clk 0:44:28]} 16. d5 {[%clk 0:59:27]} gxf3 {[%clk 0:43:38]} 17. dxc6
{[%clk 0:59:51]} Bxc6 {[%clk 0:44:07]} 18. Be6 {[%clk 1:00:12]} Rd8
{[%clk 0:40:43]} 19. Bxc7 {[%clk 0:58:34]} Rd2 {[%clk 0:41:03]} 20. Rab1
{[%clk 0:58:03]} fxg2 {[%clk 0:38:48]} 21. Bc8 {[%clk 0:56:07]} b4
{[%clk 0:35:22]} 22. Ne4 {[%clk 0:53:09]} Bxe4 {[%clk 0:35:51]} 23. Rxe4
{[%clk 0:53:09]} Rc2 {[%clk 0:36:19]} 24. Bxa6 {[%clk 0:37:11]} Rxc7
{[%clk 0:36:40]} 25. Kxg2 {[%clk 0:37:34]} Nh6 {[%clk 0:36:28]} 26. Bc4
{[%clk 0:37:40]} Nf5 {[%clk 0:36:48]} 27. Be6 {[%clk 0:37:30]} Ng7
{[%clk 0:36:18]} 28. Bb3 {[%clk 0:37:33]} h5 {[%clk 0:33:09]} 29. Rd1
{[%clk 0:32:02]} Rh6 {[%clk 0:33:01]} 30. Rd3 {[%clk 0:31:07]} Nf5
{[%clk 0:29:27]} 31. Rf4 {[%clk 0:29:17]} Rg6+ {[%clk 0:29:40]} 32. Kh3
{[%clk 0:29:36]} Nh6 {[%clk 0:28:25]} 33. Rh4 Ng4 {[%clk 0:26:04]} 34. Rf3
{[%clk 0:27:52]} Rg5 {[%clk 0:26:25]} 35. Kg2 {[%clk 0:25:17]} Rc1
{[%clk 0:25:12]} 36. Rg3 {[%clk 0:25:02]} Bd6 {[%clk 0:25:32]} 37. Rd3
{[%clk 0:24:05]} Ne5+ {[%clk 0:24:30]} 38. Rg3 {[%clk 0:24:27]} Ng6
{[%clk 0:24:53]} 39. Rxg5 {[%clk 0:24:27]} Nxh4+ {[%clk 0:25:22]} 0-1

[Event "EUYCC 2025 - U10"]
[Site "?"]
[Date "2025.08.25"]
[Round "7.3"]
[White "Kristof, Simon"]
[Black "Grigore, Melania-Cristina"]
[Result "1/2-1/2"]
[BlackElo "1433"]
[WhiteElo "1635"]
[LiveChessVersion "1.4.8"]

1. e4 {[%clk 1:30:55]} c5 {[%clk 1:30:56]} 2. Nf3 {[%clk 1:31:22]} d6
{[%clk 1:31:21]} 3. d4 {[%clk 1:31:48]} cxd4 {[%clk 1:31:47]} 4. Nxd4
{[%clk 1:32:14]} Nf6 {[%clk 1:32:11]} 5. Nc3 {[%clk 1:32:28]} a6 {[%clk 1:32:37]}
6. Be3 {[%clk 1:32:36]} e6 {[%clk 1:33:01]} 7. Bd3 {[%clk 1:31:52]} Be7
{[%clk 1:33:03]} 8. O-O {[%clk 1:30:47]} Nc6 {[%clk 1:31:05]} 9. Nf3
{[%clk 1:24:23]} b5 {[%clk 1:28:24]} 10. a3 {[%clk 1:23:40]} O-O {[%clk 1:28:04]}
11. Qd2 {[%clk 1:14:07]} Bb7 {[%clk 1:27:11]} 12. Rad1 {[%clk 1:09:11]} Qc7
{[%clk 1:25:59]} 13. Rfe1 {[%clk 0:58:47]} Nd7 {[%clk 1:23:24]} 14. Bf4
{[%clk 0:49:55]} Rad8 {[%clk 1:13:25]} 15. Qe2 {[%clk 0:46:02]} h6
{[%clk 1:07:34]} 16. Qe3 {[%clk 0:36:18]} Nde5 {[%clk 0:59:58]} 17. Nxe5
{[%clk 0:31:08]} Nxe5 {[%clk 1:00:19]} 18. Bxe5 {[%clk 0:31:18]} dxe5
{[%clk 1:00:41]} 19. Be2 {[%clk 0:15:46]} Bc5 {[%clk 0:59:57]} 20. Qg3
{[%clk 0:07:21]} Bd4 {[%clk 0:59:50]} 21. Rd3 {[%clk 0:02:43]} f5
{[%clk 0:52:03]} 22. Red1 {[%clk 0:00:33]} fxe4 {[%clk 0:51:55]} 23. Rxd4
{[%clk 0:00:35]} Qe7 {[%clk 0:50:04]} 24. Rxd8 {[%clk 0:00:47]} Rxd8
{[%clk 0:50:18]} 25. Rxd8+ {[%clk 0:00:59]} Qxd8 {[%clk 0:49:54]} 26. Qe3
{[%clk 0:00:34]} Qd4 {[%clk 0:48:42]} 27. Qxd4 {[%clk 0:00:34]} exd4
{[%clk 0:49:07]} 28. Nd1 {[%clk 0:00:34]} Kf7 {[%clk 0:49:25]} 29. f3
{[%clk 0:00:32]} e3 {[%clk 0:49:44]} 30. h3 {[%clk 0:00:36]} g5 {[%clk 0:49:47]}
31. Kh2 {[%clk 0:00:42]} h5 {[%clk 0:49:38]} 32. c3 {[%clk 0:00:37]} e5
{[%clk 0:49:59]} 33. cxd4 {[%clk 0:00:40]} exd4 {[%clk 0:50:19]} 34. Kg3
{[%clk 0:00:37]} h4+ {[%clk 0:50:13]} 35. Kg4 {[%clk 0:00:35]} Kf6
{[%clk 0:50:30]} 36. b4 Bc8+ {[%clk 0:50:06]} 37. Kh5 {[%clk 0:00:41]} 1/2-1/2

[Event "EUYCC 2025 - U10"]
[Site "?"]
[Date "2025.08.25"]
[Round "7.4"]
[White "Lobina, Thomas"]
[Black "Skouroupathis, Kyriakos"]
[Result "1-0"]
[BlackElo "1798"]
[WhiteElo "1959"]
[LiveChessVersion "1.4.8"]

1. Nf3 {[%clk 1:30:56]} e6 {[%clk 1:30:46]} 2. c4 {[%clk 1:31:10]} d5
{[%clk 1:30:26]} 3. d4 {[%clk 1:31:30]} Nf6 {[%clk 1:30:13]} 4. g3
{[%clk 1:31:52]} g6 {[%clk 1:28:52]} 5. Bg2 {[%clk 1:31:53]} Bg7 {[%clk 1:29:07]}
6. O-O {[%clk 1:31:41]} O-O 7. Nc3 {[%clk 1:21:27]} Nc6 {[%clk 1:25:07]} 8. Bf4
{[%clk 1:20:11]} a6 {[%clk 1:18:12]} 9. Ne5 {[%clk 1:16:03]} Ne7 {[%clk 1:09:09]}
10. Rc1 {[%clk 0:59:34]} dxc4 {[%clk 0:51:48]} 11. Nxc4 {[%clk 0:58:54]} Nfd5
{[%clk 0:48:45]} 12. Be5 {[%clk 0:51:34]} Bh6 {[%clk 0:45:09]} 13. e4
{[%clk 0:19:51]} Bxc1 {[%clk 0:40:57]} 14. Qxc1 {[%clk 0:20:17]} Nxc3
{[%clk 0:40:49]} 15. bxc3 {[%clk 0:20:43]} Bd7 {[%clk 0:27:03]} 16. Bf6
{[%clk 0:21:04]} Re8 {[%clk 0:20:56]} 17. g4 {[%clk 0:18:20]} Bc6
{[%clk 0:14:18]} 18. e5 {[%clk 0:18:10]} Qd5 {[%clk 0:09:46]} 19. Bxd5
{[%clk 0:18:33]} 1-0

[Event "EUYCC 2025 - U10"]
[Site "?"]
[Date "2025.08.25"]
[Round "7.5"]
[White "Siska, Samuel"]
[Black "Szczurek, Julia"]
[Result "0-1"]
[BlackElo "1479"]
[WhiteElo "1687"]
[LiveChessVersion "1.4.8"]

1. d4 {[%clk 1:30:32]} d5 {[%clk 1:30:50]} 2. Nf3 {[%clk 1:30:21]} Nf6
{[%clk 1:31:07]} 3. e3 {[%clk 1:29:58]} c5 {[%clk 1:28:31]} 4. c3
{[%clk 1:29:40]} Nc6 {[%clk 1:25:21]} 5. Bd3 {[%clk 1:29:07]} Bg4
{[%clk 1:19:32]} 6. Nbd2 {[%clk 1:28:09]} e6 {[%clk 1:17:40]} 7. O-O
{[%clk 1:26:59]} Bd6 {[%clk 1:14:07]} 8. h3 {[%clk 1:26:34]} Bh5 {[%clk 1:14:28]}
9. dxc5 {[%clk 1:21:32]} Bxc5 {[%clk 1:12:33]} 10. b4 {[%clk 1:21:31]} Bd6
{[%clk 1:10:57]} 11. Bb2 {[%clk 1:20:00]} Ne5 {[%clk 1:06:41]} 12. Be2
{[%clk 1:17:30]} Bxf3 {[%clk 1:02:30]} 13. Nxf3 {[%clk 1:16:06]} O-O
{[%clk 0:58:58]} 14. Nd4 {[%clk 1:09:40]} Ng6 {[%clk 0:56:07]} 15. Qb3
{[%clk 1:06:12]} Ne4 {[%clk 0:52:53]} 16. Rfd1 {[%clk 1:02:38]} Qh4
{[%clk 0:50:15]} 17. Rf1 {[%clk 0:55:53]} Nd2 {[%clk 0:49:17]} 18. Nf3
{[%clk 0:54:52]} Nxb3 {[%clk 0:48:58]} 19. Nxh4 {[%clk 0:55:16]} Nxa1
{[%clk 0:49:18]} 20. Nxg6 {[%clk 0:55:40]} hxg6 {[%clk 0:48:51]} 21. Bxa1
{[%clk 0:55:40]} Rac8 {[%clk 0:48:35]} 22. Rd1 {[%clk 0:55:10]} Be5
{[%clk 0:48:45]} 23. Rc1 {[%clk 0:53:24]} Rc7 {[%clk 0:47:24]} 24. g4
{[%clk 0:52:44]} Rfc8 {[%clk 0:46:11]} 25. c4 {[%clk 0:52:48]} Bxa1
{[%clk 0:46:15]} 26. Rxa1 {[%clk 0:53:14]} dxc4 {[%clk 0:46:41]} 27. Rc1
{[%clk 0:53:36]} c3 {[%clk 0:46:06]} 28. Kf1 {[%clk 0:53:59]} Kf8
{[%clk 0:44:23]} 29. Ke1 {[%clk 0:54:01]} Rd8 {[%clk 0:42:56]} 30. Rd1
{[%clk 0:53:31]} Rcd7 {[%clk 0:41:11]} 31. Rc1 {[%clk 0:52:50]} Rc8
{[%clk 0:39:52]} 32. Rd1 {[%clk 0:52:30]} Rxd1+ {[%clk 0:40:17]} 33. Kxd1
{[%clk 0:52:54]} Ke7 {[%clk 0:40:38]} 34. Kc2 {[%clk 0:51:48]} Kd7
{[%clk 0:40:17]} 35. f3 {[%clk 0:51:06]} a6 {[%clk 0:39:31]} 36. a4
{[%clk 0:50:26]} Kd6 {[%clk 0:38:49]} 37. f4 {[%clk 0:45:39]} e5 {[%clk 0:35:34]}
38. f5 {[%clk 0:44:46]} gxf5 {[%clk 0:32:50]} 39. gxf5 {[%clk 0:45:10]} Kd5
{[%clk 0:31:04]} 40. Bf3+ {[%clk 0:44:44]} e4 {[%clk 0:23:53]} 41. Be2
{[%clk 0:43:59]} Ke5 {[%clk 0:24:03]} 42. Bg4 {[%clk 0:43:59]} Kf6
{[%clk 0:22:49]} 43. h4 {[%clk 0:43:43]} Rc4 {[%clk 0:20:39]} 44. b5
{[%clk 0:43:34]} axb5 {[%clk 0:20:45]} 45. axb5 {[%clk 0:43:59]} Rc5
{[%clk 0:21:04]} 46. b6 {[%clk 0:44:05]} Rc6 {[%clk 0:20:57]} 47. Bh3
{[%clk 0:44:20]} Rxb6 {[%clk 0:20:51]} 48. Kxc3 {[%clk 0:44:44]} Ke5
{[%clk 0:20:06]} 49. h5 {[%clk 0:44:21]} Rf6 {[%clk 0:20:11]} 50. Kc4
{[%clk 0:44:39]} Rxf5 {[%clk 0:20:06]} 51. Bxf5 {[%clk 0:44:45]} Kxf5
{[%clk 0:20:27]} 52. Kd5 {[%clk 0:45:09]} b5 {[%clk 0:20:52]} 53. Kc5
{[%clk 0:45:35]} Kg4 {[%clk 0:21:17]} 54. Kxb5 {[%clk 0:45:58]} Kf3
{[%clk 0:21:26]} 55. Kc4 {[%clk 0:46:23]} Kxe3 {[%clk 0:21:52]} 56. Kc3
{[%clk 0:46:48]} Kf2 {[%clk 0:22:14]} 57. h6 {[%clk 0:47:05]} gxh6
{[%clk 0:22:34]} 58. Kd2 {[%clk 0:47:30]} e3+ {[%clk 0:22:59]} 59. Kd3
{[%clk 0:47:51]} e2 {[%clk 0:23:27]} 60. Kd4 e1=Q 0-1

[Event "EUYCC 2025 - U10"]
[Site "?"]
[Date "2025.08.25"]
[Round "7.6"]
[White "Vanek, Michal"]
[Black "Hlavacek, Pavel"]
[Result "0-1"]
[BlackElo "1923"]
[WhiteElo "1669"]
[LiveChessVersion "1.4.8"]

1. e4 {[%clk 1:30:58]} c6 {[%clk 1:30:51]} 2. d4 {[%clk 1:31:25]} d5
{[%clk 1:31:13]} 3. e5 {[%clk 1:31:50]} Bf5 {[%clk 1:31:35]} 4. h4
{[%clk 1:32:11]} h5 {[%clk 1:31:57]} 5. Bd3 {[%clk 1:31:30]} Bxd3
{[%clk 1:32:18]} 6. Qxd3 {[%clk 1:31:58]} e6 {[%clk 1:32:32]} 7. Bg5
{[%clk 1:32:17]} Be7 {[%clk 1:32:53]} 8. Nf3 {[%clk 1:32:10]} Nh6
{[%clk 1:31:57]} 9. Nbd2 {[%clk 1:29:22]} Nf5 {[%clk 1:30:19]} 10. Bxe7
{[%clk 1:24:42]} Qxe7 {[%clk 1:29:18]} 11. Ng5 {[%clk 1:23:26]} c5
{[%clk 1:20:34]} 12. Ndf3 {[%clk 1:15:32]} Nc6 {[%clk 1:12:35]} 13. dxc5
{[%clk 1:10:48]} Qxc5 {[%clk 1:04:45]} 14. O-O {[%clk 1:09:04]} O-O
{[%clk 1:01:03]} 15. c3 {[%clk 1:05:16]} Rfd8 {[%clk 0:55:22]} 16. Rad1
{[%clk 0:59:46]} Qc4 {[%clk 0:47:59]} 17. Qxc4 {[%clk 0:55:16]} dxc4
{[%clk 0:48:27]} 18. Ne4 {[%clk 0:53:52]} Nce7 {[%clk 0:41:23]} 19. b3
{[%clk 0:44:13]} b5 {[%clk 0:34:53]} 20. g3 {[%clk 0:37:18]} cxb3
{[%clk 0:29:23]} 21. axb3 {[%clk 0:37:03]} a5 {[%clk 0:26:33]} 22. Nfg5
{[%clk 0:24:18]} Nc6 {[%clk 0:20:36]} 23. Nf3 {[%clk 0:20:34]} a4
{[%clk 0:20:04]} 24. bxa4 {[%clk 0:18:46]} Rxd1 {[%clk 0:18:14]} 25. Rxd1
{[%clk 0:19:02]} bxa4 {[%clk 0:18:31]} 26. Ra1 {[%clk 0:18:08]} a3
{[%clk 0:16:27]} 27. Ra2 {[%clk 0:17:30]} Nfe7 {[%clk 0:14:07]} 28. Ned2
{[%clk 0:17:24]} Nd5 {[%clk 0:10:00]} 29. Nb1 {[%clk 0:16:59]} Rb8
{[%clk 0:07:19]} 30. Nxa3 {[%clk 0:16:33]} Nxc3 {[%clk 0:07:40]} 31. Nc4
{[%clk 0:15:21]} Nxa2 {[%clk 0:08:04]} 0-1

[Event "EUYCC 2025 - U10"]
[Site "?"]
[Date "2025.08.25"]
[Round "7.7"]
[White "Ser, Karina"]
[Black "Macharacek, Jakub"]
[Result "0-1"]
[BlackElo "1677"]
[WhiteElo "1427"]
[LiveChessVersion "1.4.8"]

1. d4 {[%clk 1:30:55]} d5 {[%clk 1:30:55]} 2. Bf4 {[%clk 1:31:00]} Bf5
{[%clk 1:31:13]} 3. c4 {[%clk 1:30:50]} e6 {[%clk 1:31:33]} 4. Nc3
{[%clk 1:30:07]} c6 {[%clk 1:31:00]} 5. Qb3 {[%clk 1:29:09]} Qb6 {[%clk 1:25:52]}
6. c5 {[%clk 1:27:42]} Qxb3 {[%clk 1:24:28]} 7. axb3 {[%clk 1:28:04]} Nd7
{[%clk 1:23:33]} 8. e3 {[%clk 1:26:23]} Ngf6 {[%clk 1:15:06]} 9. b4
{[%clk 1:23:59]} a6 {[%clk 0:48:37]} 10. Nf3 {[%clk 1:20:27]} Be7
{[%clk 0:46:23]} 11. b5 {[%clk 1:19:51]} cxb5 {[%clk 0:44:42]} 12. Nxb5
{[%clk 1:19:49]} O-O {[%clk 0:42:36]} 13. Nc3 {[%clk 1:19:02]} Rfc8
{[%clk 0:36:15]} 14. h3 {[%clk 1:14:51]} Ne4 {[%clk 0:32:07]} 15. Be2
{[%clk 1:11:59]} Nb8 {[%clk 0:21:34]} 16. g4 {[%clk 1:05:26]} Bg6
{[%clk 0:21:13]} 17. Ne5 {[%clk 1:05:27]} Nf6 {[%clk 0:18:17]} 18. Nxg6
{[%clk 1:03:14]} hxg6 {[%clk 0:18:10]} 19. Na4 {[%clk 1:03:18]} Nfd7
{[%clk 0:17:06]} 20. h4 {[%clk 1:00:04]} Nc6 {[%clk 0:15:56]} 21. Kd2
{[%clk 0:56:36]} e5 {[%clk 0:10:20]} 22. dxe5 {[%clk 0:56:40]} Bxc5
{[%clk 0:10:29]} 23. Rac1 {[%clk 0:55:45]} Bb4+ {[%clk 0:10:39]} 24. Kd1
{[%clk 0:54:41]} b5 {[%clk 0:10:18]} 25. Nc3 {[%clk 0:54:15]} Bxc3
{[%clk 0:10:27]} 26. Rxc3 {[%clk 0:54:24]} Ncxe5 {[%clk 0:10:39]} 27. Ra3
{[%clk 0:53:21]} Nc4 {[%clk 0:10:11]} 28. Bxc4 {[%clk 0:53:15]} dxc4
{[%clk 0:10:30]} 29. Ke2 {[%clk 0:52:15]} Nc5 0-1

[Event "EUYCC 2025 - U10"]
[Site "?"]
[Date "2025.08.25"]
[Round "7.8"]
[White "Bostina, Vladimir-Ioan"]
[Black "Karcz, Aleksandra"]
[Result "1-0"]
[BlackElo "1485"]
[WhiteElo "1697"]
[LiveChessVersion "1.4.8"]

1. e4 {[%clk 1:30:58]} e5 {[%clk 1:30:54]} 2. Nf3 {[%clk 1:31:14]} Nc6
{[%clk 1:31:19]} 3. Bc4 {[%clk 1:31:35]} Nf6 {[%clk 1:31:42]} 4. d4
{[%clk 1:31:58]} exd4 {[%clk 1:32:08]} 5. e5 {[%clk 1:32:25]} d5 {[%clk 1:32:33]}
6. Bb5 {[%clk 1:32:48]} Ne4 {[%clk 1:33:00]} 7. Nxd4 {[%clk 1:33:09]} Bd7
{[%clk 1:33:26]} 8. Bxc6 {[%clk 1:33:31]} bxc6 {[%clk 1:33:52]} 9. O-O
{[%clk 1:33:47]} Be7 {[%clk 1:34:18]} 10. f3 {[%clk 1:32:39]} Nc5
{[%clk 1:34:35]} 11. Be3 {[%clk 1:31:15]} O-O {[%clk 1:34:40]} 12. f4
{[%clk 1:30:09]} f6 {[%clk 1:33:21]} 13. Nd2 {[%clk 1:25:59]} Qe8
{[%clk 1:20:29]} 14. Qe2 {[%clk 1:19:49]} Kh8 {[%clk 1:12:31]} 15. Rae1
{[%clk 1:14:51]} Bc8 {[%clk 1:03:19]} 16. b3 {[%clk 1:05:26]} Qd7
{[%clk 1:00:18]} 17. Qh5 {[%clk 0:51:10]} Bb7 {[%clk 0:57:36]} 18. Rf3
{[%clk 0:35:42]} Qe8 {[%clk 0:55:42]} 19. Qxe8 {[%clk 0:24:45]} Rfxe8
{[%clk 0:53:04]} 20. e6 {[%clk 0:12:34]} g6 {[%clk 0:40:18]} 21. f5
{[%clk 0:12:10]} g5 {[%clk 0:38:30]} 22. Rh3 {[%clk 0:08:28]} Na6
{[%clk 0:34:55]} 23. c3 {[%clk 0:03:47]} c5 {[%clk 0:34:31]} 24. Nc2
{[%clk 0:04:16]} Rad8 {[%clk 0:28:44]} 25. Bf2 {[%clk 0:02:10]} Bd6
{[%clk 0:25:43]} 26. Rd3 {[%clk 0:01:21]} c6 {[%clk 0:17:28]} 27. Rd1
{[%clk 0:01:01]} Nc7 {[%clk 0:16:39]} 28. Ne4 {[%clk 0:00:32]} Kg7
{[%clk 0:12:27]} 29. Nxd6 {[%clk 0:00:38]} Rxd6 {[%clk 0:12:53]} 30. Bg3
{[%clk 0:00:53]} Rdd8 {[%clk 0:12:43]} 31. Bxc7 {[%clk 0:01:14]} Rc8
{[%clk 0:13:09]} 32. Bd6 {[%clk 0:00:59]} Ba6 {[%clk 0:13:24]} 33. R3d2
{[%clk 0:01:03]} c4 {[%clk 0:13:40]} 34. Nb4 {[%clk 0:01:02]} Bb7
{[%clk 0:13:12]} 35. bxc4 {[%clk 0:01:24]} Red8 {[%clk 0:13:17]} 36. Bc5
{[%clk 0:01:17]} a5 {[%clk 0:13:26]} 37. Nc2 {[%clk 0:01:10]} Re8
{[%clk 0:13:40]} 38. Ne3 {[%clk 0:00:40]} h5 {[%clk 0:11:41]} 39. cxd5
{[%clk 0:00:33]} cxd5 40. Bd4 Ba8 {[%clk 0:10:12]} 41. Rb2 {[%clk 0:01:04]} Bc6
{[%clk 0:10:23]} 42. Rdb1 {[%clk 0:00:47]} Re7 {[%clk 0:09:21]} 43. Rb8
{[%clk 0:00:45]} Ree8 {[%clk 0:08:13]} 44. Rxc8 {[%clk 0:01:02]} Rxc8
{[%clk 0:08:36]} 45. g4 {[%clk 0:00:43]} h4 {[%clk 0:08:58]} 46. h3
{[%clk 0:00:58]} Re8 {[%clk 0:09:05]} 47. Rb6 {[%clk 0:01:09]} Rc8
{[%clk 0:09:22]} 48. Nf1 {[%clk 0:01:14]} Rc7 {[%clk 0:09:36]} 49. Nd2
{[%clk 0:01:08]} Rc8 {[%clk 0:09:59]} 50. Nf3 {[%clk 0:01:31]} a4
{[%clk 0:09:53]} 51. Nxg5 {[%clk 0:01:34]} Ba8 {[%clk 0:10:12]} 52. Nf3
{[%clk 0:01:27]} Re8 {[%clk 0:08:50]} 53. g5 {[%clk 0:01:37]} Rf8
{[%clk 0:09:03]} 54. gxf6+ {[%clk 0:01:57]} Kh6 {[%clk 0:09:15]} 55. e7
{[%clk 0:02:12]} Rg8+ {[%clk 0:09:36]} 56. Kf2 {[%clk 0:02:27]} Kh7
{[%clk 0:09:54]} 57. f7 {[%clk 0:02:45]} Rc8 {[%clk 0:09:28]} 58. Ng5#
{[%clk 0:03:08]} 1-0